Book, Movie, Song: 'A' Words Quiz Stats

Quiz Updated Oct 11, 2014

Challenge
Share
Tweet
Embed
Score 0/24 Timer 04:00
2 Plays Today
% Correct
African, All, And
97.3%
Animal, Ace, Answer
96.5%
Alive, Arms, Alice's
93.6%
Altered, Alligator, Apart
90.8%
Against, Algernon, Adjustment
88.2%
Air, Age, Antwone
87.8%
Away, Attic, Analyze
87.2%
Atlas, Affair, Army
85.2%
Archbishop, Alcatraz, Avenue
82.4%
Art, Alex, Around
80.1%
American, Alice, Agnes
77.8%
Angel, Away, Antonia
77.4%
% Correct
Androids, Anna, Alright
74%
Anthem, Abbey, Anniversary
73.7%
Another, Amazed, Amber
69.6%
Albert, Annie, Avalon
69%
Another, Acres, Autumn
66.7%
Angels, Ant, Angel
65.1%
Assassin, Atlantic, Army
64.8%
Anarchy, August, Arthur
62.3%
Awful, Arms, Angle
60.3%
Auschwitz, Arlington, Adidas
57.9%
Astronaut, Android, Alice
57.9%
Apartment, Adrift, Asher
56.2%

You're not logged in!

Compare scores with friends on all Sporcle quizzes.
Sign Up with Email
OR
Log In

You Might Also Like...

Show Comments

Extras

Top Quizzes Today


Score Distribution

Your Account Isn't Verified!

In order to create a playlist on Sporcle, you need to verify the email address you used during registration. Go to your Sporcle Settings to finish the process.